[Event "CZE-chT1W 1213"]
[Site "Czech Republic"]
[Date "2013.02.24"]
[Round "8.4"]
[White "Neckar, Lubomir"]
[Black "Seleljo, Daniel"]
[Result "1/2-1/2"]
[WhiteElo "2360"]
[BlackElo "2252"]
[PlyCount "75"]
[EventDate "2012.10.28"]
[EventType "team-tourn"]
[EventRounds "11"]
[EventCountry "CZE"]
[SourceTitle "EXT 2014"]
[Source "ChessBase"]
[SourceDate "2013.11.20"]
[SourceVersion "1"]
[SourceVersionDate "2013.11.20"]
[SourceQuality "1"]
[WhiteTeam "Lysa nad Labem II"]
[BlackTeam "Praha Sokol"]
[WhiteTeamCountry "CZE"]
[BlackTeamCountry "CZE"]

1. Nf3 d6 2. d4 Bg4 3. c4 c6 4. Nc3 Nd7 5. g3 e5 6. Bg2 Ngf6 7. 0-0 Be7 8. h3 Bh5 9. Nh4 Bg6 10. b3 Nh5 11. Nxg6 hxg6 12. dxe5 dxe5 13. Ne4 Nc5 14. Nxc5 Bxc5 15. e3 Qe7 16. a3 a5 17. Qe2 Nf6 18. Bb2 0-0 19. Rfd1 Rfd8 20. Rxd8+ Rxd8 21. Bc3 Bxa3 22. Bxa5 Rd7 23. Qe1 Bd6 24. Bc3 Bc7 25. Rd1 e4 26. Bxf6 Rxd1 27. Qxd1 gxf6 28. Qd4 f5 29. c5 Be5 30. Qc4 Qd7 31. b4 Qd2 32. b5 Qc3 33. Bf1 Kf8 34. bxc6 Qxc4 35. Bxc4 bxc6 36. Bb3 Ke7 37. h4 Bc3 38. Ba4 1/2-1/2

[Event "CZE-chT1W 1213"]
[Site "Czech Republic"]
[Date "2013.01.27"]
[Round "6.5"]
[White "Dvorak, Jan"]
[Black "Seleljo, Daniel"]
[Result "1/2-1/2"]
[WhiteElo "2203"]
[BlackElo "2252"]
[PlyCount "41"]
[EventDate "2012.10.28"]
[EventType "team-tourn"]
[EventRounds "11"]
[EventCountry "CZE"]
[SourceTitle "EXT 2014"]
[Source "ChessBase"]
[SourceDate "2013.11.20"]
[SourceVersion "1"]
[SourceVersionDate "2013.11.20"]
[SourceQuality "1"]
[WhiteTeam "Praha Kobylisy"]
[BlackTeam "Praha Sokol"]
[WhiteTeamCountry "CZE"]
[BlackTeamCountry "CZE"]

1. d4 d6 2. Nf3 Nf6 3. c4 g6 4. Nc3 Bg7 5. e4 0-0 6. Be2 e5 7. 0-0 Na6 8. Qc2 exd4 9. Nxd4 Ng4 10. Bxg4 Bxg4 11. Be3 Re8 12. Qd2 Be6 13. Nxe6 fxe6 14. Rad1 Qe7 15. Bd4 Rf8 16. Rfe1 Bxd4 17. Qxd4 Nb4 18. Re2 Nc6 19. Qd2 Qf7 20. b3 e5 21. Qd5 1/2-1/2

[Event "CZE-chT1W 1213"]
[Site "Czech Republic"]
[Date "2013.01.13"]
[Round "5.5"]
[White "Seleljo, Daniel"]
[Black "Richtrova, Eliska"]
[Result "0-1"]
[WhiteElo "2252"]
[BlackElo "2216"]
[PlyCount "80"]
[EventDate "2012.10.28"]
[EventType "team-tourn"]
[EventRounds "11"]
[EventCountry "CZE"]
[SourceTitle "EXT 2014"]
[Source "ChessBase"]
[SourceDate "2013.11.20"]
[SourceVersion "1"]
[SourceVersionDate "2013.11.20"]
[SourceQuality "1"]
[WhiteTeam "Praha Sokol"]
[BlackTeam "Ceske Budejovice"]
[WhiteTeamCountry "CZE"]
[BlackTeamCountry "CZE"]

1. Nc3 c5 2. e4 Nc6 3. Nf3 e5 4. Bc4 Be7 5. d3 Nf6 6. Nd2 0-0 7. a3 a6 8. Nf1 b5 9. Ba2 d6 10. Ne3 Be6 11. 0-0 Bxa2 12. Rxa2 Nd4 13. g3 Re8 14. b3 Rc8 15. f3 Bf8 16. Bd2 g6 17. a4 Bg7 18. Kh1 Qd7 19. Kg2 Qb7 20. h4 Nh5 21. Ncd5 f5 22. g4 Nf4+ 23. Nxf4 exf4 24. Nd5 fxg4 25. fxg4 f3+ 26. Kf2 Rf8 27. axb5 axb5 28. Nf4 Qd7 29. Rg1 Be5 30. c3 Nc6 31. Nd5 Rf7 32. Bg5 Rcf8 33. Bh6 Re8 34. Ra6 Bh2 35. Rh1 Ne5 36. Ke3 Nxg4+ 37. Kd2 Be5 38. Bg5 Nf2 39. Qf1 Nxh1 40. Qxh1 Qg4 0-1

[Event "CZE-chT1W 1213"]
[Site "Czech Republic"]
[Date "2012.11.25"]
[Round "3.4"]
[White "Kucera, Petr"]
[Black "Seleljo, Daniel"]
[Result "1-0"]
[WhiteElo "2202"]
[BlackElo "2252"]
[PlyCount "69"]
[EventDate "2012.10.28"]
[EventType "team-tourn"]
[EventRounds "11"]
[EventCountry "CZE"]
[SourceTitle "CBM 151 Extra"]
[Source "ChessBase"]
[SourceDate "2012.12.18"]
[SourceVersion "1"]
[SourceVersionDate "2012.12.18"]
[SourceQuality "1"]
[WhiteTeam "Novoborsky II"]
[BlackTeam "Praha Sokol"]
[WhiteTeamCountry "CZE"]
[BlackTeamCountry "CZE"]

1. d4 Nf6 2. c4 g6 3. Nc3 Bg7 4. e4 0-0 5. Be3 d6 6. f3 b6 7. Bd3 Bb7 8. Nge2 c5 9. 0-0 Nc6 10. d5 Ne5 11. f4 Nfg4 12. Bc1 Nxd3 13. Qxd3 a6 14. h3 Nf6 15. a4 Qc7 16. Bd2 e6 17. Rae1 exd5 18. exd5 Rae8 19. g4 h5 20. g5 Nd7 21. h4 Bc8 22. Ng3 Bd4+ 23. Kg2 Kh8 24. b3 f5 25. Qf3 Kg8 26. Re6 Bxc3 27. Rxg6+ Bg7 28. Nxh5 Re7 29. Nxg7 Rxg7 30. Rxg7+ Kxg7 31. Bc3+ Kg6 32. Re1 Nb8 33. h5+ Kh7 34. g6+ Kh6 35. Qg3 1-0

[Event "Prague Rejfir Memorial"]
[Site "Prague"]
[Date "2009.05.05"]
[Round "4"]
[White "Seleljo, Daniel"]
[Black "Kovar, Vojtech"]
[Result "1-0"]
[WhiteElo "2348"]
[BlackElo "2241"]
[PlyCount "147"]
[EventDate "2009.04.14"]
[EventType "swiss"]
[EventRounds "9"]
[EventCountry "CZE"]
[SourceTitle "EXT 2012"]
[Source "ChessBase"]
[SourceDate "2011.11.24"]
[SourceVersion "1"]
[SourceVersionDate "2011.11.24"]
[SourceQuality "1"]

1. d4 d5 2. c4 c6 3. Nf3 Nf6 4. Qc2 e6 5. e3 Nbd7 6. Nc3 Bd6 7. Bd2 0-0 8. Bd3 dxc4 9. Bxc4 b5 10. Be2 Bb7 11. Ne4 Nxe4 12. Qxe4 Nf6 13. Qh4 c5 14. dxc5 Bxc5 15. Bb4 Qe7 16. Bxc5 Qxc5 17. 0-0 b4 18. Rfc1 Qb6 19. a3 bxa3 20. bxa3 Ba6 21. Bxa6 Qxa6 22. Qc4 Qxc4 23. Rxc4 Rfc8 24. Rac1 Rxc4 25. Rxc4 Rd8 26. g4 h6 27. Ne5 Rd6 28. h3 Ra6 29. Rc8+ Kh7 30. Nxf7 Rxa3 31. Rh8+ Kg6 32. Ne5+ Kg5 33. Rf8 Ra5 34. Kg2 Rxe5 35. f4+ Kg6 36. fxe5 Nd7 37. Re8 Kf7 38. Ra8 Nxe5 39. Rxa7+ Kf6 40. Kg3 Nf7 41. Kf4 Ne5 42. Ke4 Nf7 43. h4 Nd6+ 44. Kf4 g5+ 45. hxg5+ hxg5+ 46. Kf3 Nc4 47. Rc7 Ne5+ 48. Kg3 Kg6 49. Rc5 Kf6 50. Rc3 Kg6 51. Rb3 Kf6 52. Rb4 Nf7 53. Kf3 Ne5+ 54. Ke2 Nc6 55. Re4 Ne7 56. Kd3 Nc6 57. Kc4 Ne5+ 58. Kc5 Nf7 59. Kc6 Ke7 60. Kc7 Nh6 61. Rd4 Kf6 62. Kd7 Ke5 63. Ke7 Ng8+ 64. Kf7 Ne7 65. Ra4 Nd5 66. Kg6 Nxe3 67. Kxg5 Nd5 68. Kh6 Ne7 69. Ra7 Nc6 70. Rf7 Kd5 71. g5 e5 72. g6 Ke6 73. Rc7 Nd4 74. g7 1-0

[Event "Prague Rejfir Memorial"]
[Site "Prague"]
[Date "2008.04.??"]
[Round "?"]
[White "Haba, Zdenek"]
[Black "Seleljo, Daniel"]
[Result "1/2-1/2"]
[WhiteElo "2185"]
[BlackElo "2275"]
[PlyCount "116"]
[EventDate "2008.04.??"]
[EventType "tourn"]
[EventRounds "11"]
[EventCountry "CZE"]
[EventCategory "1"]
[SourceTitle "EXT 2012"]
[Source "ChessBase"]
[SourceDate "2011.11.24"]
[SourceVersion "1"]
[SourceVersionDate "2011.11.24"]
[SourceQuality "1"]

1. d4 d5 2. c4 Bf5 3. Nc3 e6 4. Nf3 c6 5. Qb3 Qb6 6. c5 Qc7 7. Bf4 Qc8 8. e3 Be7 9. h3 Nd7 10. Be2 Ngf6 11. 0-0 Ne4 12. Nxe4 Bxe4 13. Qc3 0-0 14. b4 Bxf3 15. Bxf3 Re8 16. Rab1 a6 17. a4 Bf6 18. Bg4 g6 19. b5 axb5 20. axb5 h5 21. Bf3 e5 22. Bg3 exd4 23. exd4 Nf8 24. bxc6 bxc6 25. Rb6 Ne6 26. Be5 Bxe5 27. dxe5 Ra4 28. Qe3 Qa8 29. Re1 Ra1 30. Rxa1 Qxa1+ 31. Kh2 Nd4 32. Bxh5 Nf5 33. Qf4 Qxe5 34. Qxe5 Rxe5 35. Bg4 Ne7 36. Bd7 d4 37. Bxc6 Rxc5 38. Be4 f5 39. Bf3 Rc2 40. Rd6 Rd2 41. h4 Kg7 42. Kg3 Ng8 43. Rd7+ Kf6 44. Rd6+ Kg7 45. Rd7+ Kf8 46. Rd8+ Kg7 47. Rd7+ Kf6 48. Rd6+ Ke5 49. Rxg6 Nf6 50. h5 f4+ 51. Kh2 Rxf2 52. Rg5+ Ke6 53. Kg1 Rb2 54. h6 Rb8 55. Bg4+ Nxg4 56. Rxg4 Kf5 57. Rg7 d3 58. Rd7 Rh8 1/2-1/2

[Event "Prague Rejfir Memorial"]
[Site "Prague"]
[Date "2008.04.??"]
[Round "?"]
[White "Seleljo, Daniel"]
[Black "Clery, Nicolas"]
[Result "1/2-1/2"]
[WhiteElo "2275"]
[BlackElo "2375"]
[PlyCount "102"]
[EventDate "2008.04.??"]
[EventType "tourn"]
[EventRounds "11"]
[EventCountry "CZE"]
[EventCategory "1"]
[SourceTitle "EXT 2012"]
[Source "ChessBase"]
[SourceDate "2011.11.24"]
[SourceVersion "1"]
[SourceVersionDate "2011.11.24"]
[SourceQuality "1"]

1. c4 c5 2. Nf3 Nc6 3. d4 cxd4 4. Nxd4 g6 5. Nc3 Bg7 6. Nc2 d6 7. e4 Nf6 8. Be2 0-0 9. 0-0 Be6 10. b3 Rc8 11. Rb1 Nd7 12. Bb2 f5 13. exf5 Bxf5 14. Bd3 Bxd3 15. Qxd3 Rf7 16. Qh3 Nf6 17. Nd5 Nh5 18. Bxg7 Nxg7 19. Rbd1 e6 20. Nc3 Qe7 21. c5 dxc5 22. Rfe1 Rcf8 23. Ne3 Nf5 24. Nxf5 Rxf5 25. Ne4 Nd4 26. b4 Nc2 27. bxc5 Nxe1 28. Rxe1 Qc7 29. Qc3 Qc6 30. h3 b6 31. g4 Rf4 32. Qe5 Qd5 33. Ng5 Rxf2 34. Qxe6+ Qxe6 35. Nxe6 R8f6 36. c6 Rxa2 37. g5 Rff2 38. c7 Rg2+ 39. Kh1 Rh2+ 40. Kg1 Rag2+ 41. Kf1 Rc2 42. Kg1 Rhg2+ 43. Kf1 Rgd2 44. Nd8 Rxc7 45. Re8+ Kg7 46. Ne6+ Kf7 47. Nxc7 Rc2 48. Rh8 Kg7 49. Rc8 Kf7 50. Rh8 Kg7 51. Rc8 Kf7 1/2-1/2

[Event "Prague Rejfir Memorial"]
[Site "Prague"]
[Date "2008.04.??"]
[Round "?"]
[White "Seleljo, Daniel"]
[Black "Docekal, Jan"]
[Result "1-0"]
[WhiteElo "2275"]
[BlackElo "2235"]
[PlyCount "143"]
[EventDate "2008.04.??"]
[EventType "tourn"]
[EventRounds "11"]
[EventCountry "CZE"]
[EventCategory "1"]
[SourceTitle "EXT 2012"]
[Source "ChessBase"]
[SourceDate "2011.11.24"]
[SourceVersion "1"]
[SourceVersionDate "2011.11.24"]
[SourceQuality "1"]

1. d4 Nf6 2. Nf3 c5 3. d5 g6 4. Nc3 Bg7 5. e4 d6 6. Bb5+ Nfd7 7. Be2 0-0 8. 0-0 Na6 9. Bg5 Nc7 10. a4 b6 11. Nd2 Rb8 12. f4 Qe8 13. Kh1 a6 14. Nc4 b5 15. axb5 axb5 16. Na5 b4 17. Na4 Bb7 18. Bc4 Ba8 19. e5 dxe5 20. Nc6 Bxc6 21. dxc6 Nb6 22. Nxb6 Rxb6 23. fxe5 e6 24. Bf6 Qxc6 25. Qe1 Nd5 26. Bxg7 Kxg7 27. Rd1 Rd8 28. Qh4 Rbb8 29. Rxf7+ Kxf7 30. Qxh7+ Ke8 31. Bd3 Rd7 32. Qg8+ Ke7 33. Qxb8 Ne3 34. Rg1 Rd8 35. Qa7+ Rd7 36. Qa5 Rd8 37. Qa7+ Rd7 38. Qa1 c4 39. Bxg6 Qc5 40. Qa8 Qxe5 41. Qe8+ Kd6 42. Qb8+ Kd5 43. Qb5+ Kd6 44. Qxb4+ Kc7 45. h3 Qd4 46. Qa5+ Kd6 47. Qa3+ Kc7 48. Re1 Nd1 49. Qg3+ Kc8 50. Rxe6 Nf2+ 51. Kh2 Kb7 52. c3 Qc5 53. Qe5 Qxe5+ 54. Rxe5 Rd2 55. Rb5+ Kc6 56. Rb4 Kd6 57. Rxc4 Rxb2 58. Rb4 Ra2 59. h4 Ke5 60. h5 Kf6 61. Kg3 Nd1 62. Rf4+ Kg5 63. Rf5+ Kh6 64. Rf3 Re2 65. Kh3 Ne3 66. Bd3 Re1 67. Kg3 Nd5 68. c4 Nb4 69. Bg6 Nc6 70. Rf6 Ne5 71. Re6 Re3+ 72. Kf4 1-0